The upside-down King: (Record no. 167670)

MARC details
000 -LEADER
fixed length control field 00730nam a22002057a 4500
005 - DATE AND TIME OF LATEST TRANSACTION
control field 20190916155829.0
010 ## - LCCN (DPL NO)
LC control number B-729995
020 ## - INTERNATIONAL STANDARD BOOK NUMBER
International Standard Book Number 9780143442332
Terms of availability 250.00
035 ## - SYSTEM CONTROL NUMBER
System control number B-729995
037 ## - SOURCE OF ACQUISITION
Source of stock number/acquisition Puffin Books
082 ## - DEWEY DECIMAL CLASSIFICATION NUMBER
Classification number S
100 ## - MAIN ENTRY--PERSONAL NAME
Personal name Murty, Sudha
245 ## - TITLE STATEMENT
Title The upside-down King:
Remainder of title unusual tales about Rama and Krishna /
Statement of responsibility, etc by Sudha Murty
260 ## - PUBLICATION, DISTRIBUTION, ETC. (IMPRINT)
Place of publication, distribution, etc Gurgaon
Name of publisher, distributor, etc Puffin Books
Date of publication, distribution, etc 2018
270 ## - ADDRESS
Address 7th Floor, Infinity Tower C, DLF Cyber City
City Gurgaon (Haryana)
Postal code 122002
300 ## - PHYSICAL DESCRIPTION
Extent 181p.
Dimensions 20 cm(pbk)
700 ## - ADDED ENTRY--PERSONAL NAME
Personal name Gupta, Priyankar
942 ## - ADDED ENTRY ELEMENTS (KOHA)
Source of classification or shelving scheme Dewey Decimal Classification
Item type Children Books
Classification part S
Call number suffix MUR
Holdings
Withdrawn status Lost status Not for loan Collection code Home library Current library Date acquired Source of acquisition Cost, normal purchase price Full call number Barcode Copy number Cost, replacement price Koha item type
      Fiction Sarojini Nagar Sarojini Nagar 17/09/2019 Gift /Eng /13.09.2019 250.00 S MUR B-729995 1 250.00 Children Books

© Delhi Public Library
Hit Counter
free hit counter